| 000 | 00666nam a2200241 a 4500 | ||
|---|---|---|---|
| 999 |
_c1955 _d1955 |
||
| 001 | 1955 | ||
| 003 | BD-JhCC | ||
| 005 | 20171026191342.0 | ||
| 008 | 171026s2000 bg |||| |||| 000 0 eng d | ||
| 020 | _a9844014166 | ||
| 035 | _a(BD-JhCC)1955 | ||
| 040 |
_aBD-JhCC _dBD-JhCC |
||
| 041 | _aeng | ||
| 082 |
_a320.95492 _bKHA 2000 |
||
| 100 | _aKhan, Manzur Rashid | ||
| 245 |
_aFall of Ershad and Rule of Shahabuddin ; _bThe Inside stories / _cManzur Rashid Khan |
||
| 250 | _a1st Edi. | ||
| 260 |
_aDhaka : _bAgamee Prakashani, _c2000 |
||
| 300 |
_axiii, 119 p. : _c22 cm. |
||
| 650 |
_aPolitics and government _zBangladesh |
||
| 942 |
_2ddc _cBK |
||